000 00819nam a2200229Ia 4500
003 GCL
008 140319s9999 xx 000 0 ara d
040 _aGCL /
_cGCL
082 0 4 _a320.532
_bب س
100 1 _aبيبتجس، الكسندر
245 1 0 _aسلطان غالبيف: ابو الثورة فى العالم الثالث /
_cبيبتجس، الكسندر
700 1 _aكيلجى, شانتال لومبرسيية
700 1 _aسوزان خليل (مترجم)
260 _a[S.N] :
_bدار العالم الثالث ،
_c1992
490 _a
650 0 4 _aالاتحاد السوفيتى
650 0 4 _aالاسلام والشيوعية
650 0 4 _aالحركات الفكرية عند المسلمين
650 0 4 _aالشيوعية
650 0 4 _aالمغول والتتار
942 _2ddc
_cBK
999 _c56242
_d56242